Представление документа в формате MARC21

ПолеНазваниеЗначение
  Тип записи a
  Библиографический уровень m
001 Контрольный номер RU\infra-m\znanium\bibl\2247504
005 Дата корректировки 20260429142300.7
008 Кодируемые данные 260324s2026 RU g rus u
020 Индекс ISBN __
a ISBN 978-5-906818-14-0
020 Индекс ISBN __
a ISBN 978-5-16-103939-7 (электр. издание)
020 Индекс ISBN __
a ISBN 978-5-16-011590-0 (ISBN соиздателя)
040 Источник каталогиз. __
a Служба первич. каталог. Общество с ограниченной ответственностью «ЗНАНИУМ»
041 Код языка издания __
a Код языка текста rus
044 Код страны публикации __
a Код страны публикации RU
080 Индекс УДК __
a Индекс УДК 636.295.25(075.8)
084 Индекс другой классификации/Индекс ББК __
2 Источник индекса rubbk
a Индекс другой классификации/Индекс ББК 46.3я73
084 Индекс другой классификации/Индекс ББК __
2 Источник индекса okso
a Индекс другой классификации/Индекс ББК 36.03.02
100 Автор __
a Автор Баймуканов Д.А.
q Полное имя Баймуканов Дастанбек Асылбекович
u Дополнение Национальная академия наук Республики Казахстан
245 Заглавие __
a Заглавие Верблюдоводство
b Продолж. заглавия Учебное пособие
c Ответственность Национальная академия наук Республики Казахстан; Российский государственный аграрный университет - МСХА им. К.А. Тимирязева
250 Сведения об издании __
a Основные сведения об издании 1
260 Выходные данные __
a Место издания Москва
b Издательство ООО "КУРС"
c Дата издания 2026
300 Физическое описание __
a Объем 184 с.
440 Серия __
a Серия Высшее образование
520 Аннотация __
a Аннотация В учебном пособии изложены вопросы эволюции и систематического положения верблюдов биологические особенности и отличительные особенности одногорбых и двугорбых верблюдов сведения о разводимых породах верблюдов в России и сопредельных государствах раскрываются основные принципы отбора и подбора в племенном верблюдоводстве особенности технологии кормления и содержания верблюдов справочные сведения о болезнях верблюдов и мерах профилактики. В разделе приложения авторами приводится таблица по определению живой массы верблюдов породы дромедар и казахский бактриан. Рекомендовано в качестве учебного пособия для студентов высших учебных заведений обучающихся по направлению 36.03.02 «Зоотехния».
521 Примеч. о цел. назн. __
a Примеч. о целев. назн. ВО - Бакалавриат
650 Тематические рубрики __
a Основная рубрика Сельское хозяйство
x Основная подрубрика Специальное (частное) животноводство. Зоотехния
655 Указ. предметных рубрик (устаревшее) __
a Жанр/ форма (устаревшее) Учебное пособие
700 Другие авторы __
a Другие авторы Юлдашбаев Ю. А.
q Полное имя Юлдашбаев Юсуп Артыкович
700 Другие авторы __
a Другие авторы Дошанов Д.А.
q Полное имя Дошанов Даулет Аскарович
u Дополнение Российский государственный аграрный университет - МСХА им. К.А. Тимирязева
856 Электронный адрес документа 4_
a Имя сервера/домена znanium.ru
m Помощь ebs_support@infra-m.ru
n Местонахождение сервера НИЦ ИНФРА-М
u URL https://znanium.ru/catalog/document?id=480242
856 Электронный адрес документа 48
a Имя сервера/домена znanium.ru
d Путь /cover/2247
f Электронное имя 2247504.jpg
q Тип электронного формата image/jpeg
u URL https://znanium.ru/cover/2247/2247504.jpg
911 __
u 0030=https://znanium.ru/catalog/document?id=480242
911 __
u 712a=Российский государственный аграрный университет - МСХА им. К.А. Тимирязева